| 000 | 01928cam a22004454i 4500 | ||
|---|---|---|---|
| 003 | PE-LiUPU | ||
| 005 | 20250731184531.0 | ||
| 008 | 150623s r 000 0 d | ||
| 035 | _a(Sirsi) a21565 | ||
| 040 |
_aPE-LiUPU _bspa _cPE-LiUPU _erda |
||
| 082 | 0 | 4 |
_a985.004 _bP45 _221 |
| 100 | 1 |
_aPerú. Congreso, _eautor. |
|
| 245 | 1 | 3 |
_aEl Perú en los albores del siglo XXI : _bCiclo de conferencias 1996/1997. |
| 264 | 1 |
_aLima : _bEdiciones del Congreso de la República del Perú, _c1997. |
|
| 300 |
_a259 páginas ; _c20.5 cm. |
||
| 336 |
_atext _2rdacontent |
||
| 337 |
_aunmediated _2rdamedia |
||
| 338 |
_avolume _2rdacarrier |
||
| 505 | 0 | _aLiteratura y ciencias sociales: Ecologia y desarrollo. -La pareja andina. -Cultura y sociedad en el Perú actual. -Liberalismo y posmodernidad. -Cultura de la convivencia. -Comida y mestizaje. -Vida y poesía. -Ciencia y sociedad: Plantas medicinales y la legislación en el Perú. -Desafíos de la biología moderna: la clonación. -La explosión de la electrónica y el reto del futuro. | |
| 526 | _aP136 | ||
| 526 | _aP135 | ||
| 526 | _aP134 | ||
| 526 | _aP133 | ||
| 526 | _aP144 | ||
| 526 | _aP143 | ||
| 526 | _aP87 | ||
| 526 | _aP35 | ||
| 526 | _aP20 | ||
| 526 | _aP14 | ||
| 526 | _aP10 | ||
| 526 | _aP06 | ||
| 651 |
_aPerú _vEnsayos _y1996-1997. |
||
| 942 |
_2ddc _cBOOK |
||
| 949 |
_a985.004 P45 _wDEWEY _c1 _i45158 _lCCODEBUL1 _mBUL _p00.00 _r0 _sY _tBOOK _u2015-06-24 _xEDUCACION _zUNKNOWN _0COMPRA _o.STAFF. Colección General |
||
| 596 | _a1 | ||
| 999 |
_a985.004 P45 _wDEWEY _c22041 _i45158 _f2019-12-11 _g4 _lDISCARD _mBUL _r1 _sY _tBOOK _u2015-6-24 _xEDUCACION _zUNKNOWN _0COMPRA _o.STAFF. Colección General _d22041 |
||
| 999 |
_a985.004 P45 _wDEWEY _c2 _i74864 _f2021-11-9 _g5 _lCCODEBUL1 _mBUL _r0 _sY _tBOOK _u2016-10-5 _xEDUCACION _zUNKNOWN _0DONACION _o.STAFF. Colección FACIHED |
||
| 980 |
_81 _gALBERTO SANCHEZ Responsable de Automatización |
||